Perczel Mór bácskai hadjárata. (1849. március 22. - április 19.)

Elmentve itt :
Bibliográfiai részletek
Szerző: István Attila
További közreműködők: Pelyach István (Témavezető)
Dokumentumtípus: Szakdolgozat
Megjelent: 2015
Tárgyszavak:
Online Access:http://diploma.bibl.u-szeged.hu/58874
LEADER 00707nta a2200169 i 4500
001 dipl58874
005 20161216160746.0
008 161216s2015 hu om 0|| zxx d
040 |a SZTE Diploma Repozitórium  |b hun 
041 |a zxx 
100 1 |a István Attila 
245 1 0 |a Perczel Mór bácskai hadjárata. (1849. március 22. - április 19.)  |h [elektronikus dokumentum] /  |c Attila István 
246 1 0 |a Mór Perczel's campaign in Bácska. (23rd of March - 19th of April, 1849.)  |h [elektronikus dokumentum] 
260 |c 2015 
650 4 |a Bölcsészettudományok 
700 1 |a Pelyach István  |e ths 
856 4 0 |u http://diploma.bibl.u-szeged.hu/id/eprint/58874/1/2016_Istv%C3%A1n_Attila_ISAUAAB_SZE_SZ.pdf  |z Dokumentum-elérés